000 01461nam a2200313 4500
003 NUST
005 20260512124155.0
008 260512b |||||||| |||| 00| 0 eng d
040 _aNUST
_beng
_cNUST
_dNUST
_erda
050 _aTJ163.25 SHO
100 _aShoreni, Solomon.
_eauthor.
245 _aAutomated liquid level measurement and control system for the Zimbabwe Power Company Bulawayo Power Station /
_cby Solomon Shoreni.
260 _aBulawayo, Zimbabwe :
_bNational University of Science and Technology ,
_c©2019.
300 _axiii, 62 pages :
_billustrations ;
_c31 cm.
336 _2rdacontent
_atext
_btxt
337 _2rdamedia
_aunmediated
_bn
338 _2rdacarrier
_avolume
_bnc
500 _aA research project submitted in partial fulfilment of the requirements for the Bachelor of Science Honours degree in Applied Physics.
501 _00(BSc in Applied Physics) National University of Science and Technology, 2019.
504 _aIncludes bibliographical references.
650 _aAutomatic control
_xCase studies
_zZimbabwe.
650 _aLiquid level measuring instruments
_xCase studies
_zZimbabwe.
650 _aPower plants
_xAutomation
_zZimbabwe.
650 _aZimbabwe Power Company
_x Bulawayo Power Station.
650 _aElectric power-plants
_xControl systems
_zZimbabwe.
650 _aEngineering
_xDissertations, Academic.
700 _aMr Chuma.
_esupervisor.
942 _2lcc
_n0
_c3HOUR
_hTJ163.25
_kTJ
_mSHO
999 _c172867
_d172867